| 000 | | | 03859nac2a22002891x 450 |
| 001 | | | 163a27dd-38d9-489a-8c93-6b6ed36a7257 |
| 005 | | | 20131119114517.0 |
| 100 | ## | $a | 20130605l18811885k y0rusy50 ca |
| 101 | 0# | $a | rus |
| 102 | ## | $a | RU |
| 105 | ## | $a | y z ||||| |
| 122 | 2# | $a | d18810331 |
| | $a | d18851202 |
| 200 | 1# | $a | Чернинского (?) |
| | $j | 31 марта 1881 - 2 декабря 1885 |
| 215 | ## | $a | 7 листов |
| 251 | ## | $c | Дело |
| 300 | ## | $a | Заголовок дела на папке: Письма Чернинского (?) Кони Анатолию Федоровичу |
| 300 | ## | $a | 5 писем |
| 300 | ## | $a | Рукописный текст |
| 330 | ## | $a | Переписка А. Ф. Кони; Письма к А. Ф. Кони |
| 461 | #0 | $1 | 0013a54f2e3-e9cf-409b-80fa-f0a9bd3c40cb |
| | $1 | 2001 |
| | $a | Кони Анатолий Федорович, юрист, литератор, член академии наук, председатель Санкт-Петербургского окружного суда, член государственного совета |
| | $1 | 251 |
| | $c | Фонд |
| | $1 | 852 |
| | $j | 564 |
| 462 | #0 | $1 | 00178a475cd-a47d-4377-bff3-cee4b81de655 |
| | $1 | 2001 |
| | $a | Опись дел фонда А. Ф. Кони за 1880-1931 гг. |
| | $1 | 251 |
| | $c | Опись |
| | $1 | 852 |
| | $j | 1 |
| 517 | ## | $a | Письма Чернинского (?) Кони Анатолию Федоровичу |
| 600 | #1 | $a | Кони |
| | $b | А. Ф. |
| | $f | 1844-1927 |
| | $g | Анатолий Федорович |
| 600 | #1 | $a | Чернинский |
| 801 | #0 | $a | RU |
| | $b | GA_RF |
| 801 | #1 | $a | RU |
| | $b | НПО Опыт |
| | $c | 20130605 |
| | $2 | rusmarc |
| 801 | #2 | $a | RU |
| | $b | ПБ им. Б.Н. Ельцина |
| | $c | 20131119 |
| | $g | RCR |
| | $2 | rusmarc |
| 852 | ## | $a | ГА РФ |
| | $j | 3659 |
| 937 | ## | $d | 41805904 |
| | $h | ПБ |
| 035 | ## | $a | RuPRLIB51006285 |